| 000 | nam a22 7a 4500 | ||
|---|---|---|---|
| 999 |
_c128025 _d128025 |
||
| 008 | 180718b xxu||||| |||| 00| 0 eng d | ||
| 050 | _aPQ1103.F647 | ||
| 100 |
_aBoileau - Despreaux, Nicolas _928924 |
||
| 245 |
_aBoileau oeuvres poetiques _c/ by Boileau- Despreaux, Nicolas |
||
| 260 |
_aParis: _bLibrairie Hachette, _c1935. |
||
| 300 |
_a103p.; _b18cm. _c18cm. |
||
| 440 |
_aClassiques illustres vaubourdolle _941781 |
||
| 600 |
_aFlutre, Fernand ed. _941782 |
||
| 942 |
_2lcc _cMONOGRAPH |
||